| 000 | 00373 a2200121 4500 | ||
|---|---|---|---|
| 001 | ART_11735 | ||
| 005 | 20260410161859.0 | ||
| 008 | 260409a | ||
| 245 | 1 | 0 | _aObservable preferences for public goods |
| 100 | 1 | _aBradford, David F. | |
| 700 | 1 | _aHildebrandt, Gregory G. | |
| 773 | 0 |
_tJournal of public economics _g- Vol. 8, NÂș 2 (oct. 1977) _wREV11485 |
|
| 999 |
_c25781 _d25781 |
||